| 000 | 00378nam a2200121 4500 | ||
|---|---|---|---|
| 999 |
_c12200 _d12200 |
||
| 008 | 190118b ||||| |||| 00| 0 eng d | ||
| 100 |
_934537 _aCahiles-Magkilat, Bernie |
||
| 245 |
_aFederalism good for business- Lopez/ _cBernie Cahiles-Magkilat |
||
| 260 |
_aPhilippines _bManila Bulletin _cc2018 |
||
| 300 | _apage 2. | ||
| 650 | 0 |
_934538 _aFederal government. |
|
| 942 |
_2ddc _cPER |
||